[Event "Gibraltar Amateurs B"]
[Site "Gibraltar"]
[Date "2020.01.26"]
[Round "2.10"]
[White "Jacob, Sydney J"]
[Black "Salas Martin, Javier"]
[Result "0-1"]
[WhiteElo "1816"]
[BlackElo "1738"]
[PlyCount "62"]
[EventDate "2020.01.25"]
[EventType "swiss"]
[EventRounds "5"]
[EventCountry "GGB"]
[SourceTitle "BritBase"]
[Source "John Saunders"]
[SourceDate "2021.06.05"]
[SourceVersion "1"]
[SourceVersionDate "2021.06.05"]
[SourceQuality "1"]

1. e4 d6 2. d4 Nf6 3. Nc3 e5 4. d5 c6 5. f3 cxd5 6. exd5 Be7 7. Bc4 Nbd7 8.
Nge2 a6 9. a4 Qc7 10. Bb3 Nc5 11. Ba2 b6 12. b4 Ncd7 13. Be3 O-O 14. O-O Ne8
15. Ne4 Ndf6 16. N2g3 Bd7 17. c4 Nxe4 18. fxe4 Rc8 19. Bb3 Qd8 20. a5 bxa5 21.
Rxa5 Rb8 22. Qd2 Bc8 23. Nf5 Bf6 24. c5 Bxf5 25. Rxf5 dxc5 26. Bxc5 Nd6 27. Qa2
Nxf5 28. Bxf8 Qxf8 29. exf5 Qxb4 30. Bc4 Qe1+ 31. Bf1 Rb1 0-1

[Event "Gibraltar Amateurs B"]
[Site "Gibraltar"]
[Date "2020.01.26"]
[Round "2.11"]
[White "Greco, Joseph"]
[Black "Olaizola, Miguel"]
[Result "1-0"]
[WhiteElo "1691"]
[BlackElo "1809"]
[PlyCount "53"]
[EventDate "2020.01.25"]
[EventType "swiss"]
[EventRounds "5"]
[EventCountry "GGB"]
[SourceTitle "BritBase"]
[Source "John Saunders"]
[SourceDate "2021.06.05"]
[SourceVersion "1"]
[SourceVersionDate "2021.06.05"]
[SourceQuality "1"]

1. e4 c5 2. Nc3 Nc6 3. f4 e5 4. Bc4 Nf6 5. d3 d6 6. Nf3 Be7 7. O-O O-O 8. f5
Na5 9. Qe1 Nxc4 10. dxc4 Nh5 11. g4 Nf4 12. Bxf4 exf4 13. Nd5 g5 14. Qc3 f6 15.
Kg2 Bd7 16. h4 Bc6 17. Rh1 Bxd5 18. exd5 Qd7 19. hxg5 fxg5 20. Rxh7 Bf6 21.
Rxd7 Bxc3 22. bxc3 Rad8 23. Rxb7 Rde8 24. Nxg5 Re2+ 25. Kf3 Rxc2 26. Ne6 Rxc3+
27. Kxf4 1-0

[Event "Gibraltar Amateurs B"]
[Site "Gibraltar"]
[Date "2020.01.26"]
[Round "2.16"]
[White "Mircov, Nicola-Alexandar"]
[Black "Guardia Bencomo, Tomas"]
[Result "0-1"]
[WhiteElo "1788"]
[BlackElo "1660"]
[PlyCount "82"]
[EventDate "2020.01.25"]
[EventType "swiss"]
[EventRounds "5"]
[EventCountry "GGB"]
[SourceTitle "BritBase"]
[Source "John Saunders"]
[SourceDate "2021.06.05"]
[SourceVersion "1"]
[SourceVersionDate "2021.06.05"]
[SourceQuality "1"]

1. e4 g6 2. d4 Bg7 3. Nc3 d6 4. Be3 a6 5. Qd2 b5 6. f3 Nd7 7. O-O-O Nb6 8. b3
Nf6 9. Bh6 Bxh6 10. Qxh6 b4 11. Nce2 c6 12. g4 a5 13. g5 Nh5 14. Ng3 Nf4 15.
Qg7 Rf8 16. Qxh7 a4 17. N3e2 Ne6 18. Qh4 axb3 19. axb3 Qc7 20. Nh3 c5 21. dxc5
Nxc5 22. Kd2 Ra2 23. Ke1 Rxc2 24. Nd4 Rb2 25. Nf4 Nxb3 26. Bb5+ Bd7 27. Bxd7+
Nxd7 28. Nxb3 Rxb3 29. Kf2 Ne5 30. Rc1 Qa7+ 31. Kg2 Qa2+ 32. Qf2 Rb2 33. Rhf1
Rxf2+ 34. Rxf2 Qa6 35. Nd5 Kd8 36. Nxb4 Qb7 37. Rb2 Qa7 38. Ra2 Qe3 39. Ra8+
Kd7 40. Rc7+ Kxc7 41. Nd5+ Kb7 0-1

[Event "Gibraltar Amateurs B"]
[Site "Gibraltar"]
[Date "2020.01.26"]
[Round "2.19"]
[White "Teh, Wee Zhun"]
[Black "Krause, Marianne"]
[Result "1-0"]
[WhiteElo "1857"]
[BlackElo "1609"]
[PlyCount "61"]
[EventDate "2020.01.25"]
[EventType "swiss"]
[EventRounds "5"]
[EventCountry "GGB"]
[SourceTitle "BritBase"]
[Source "John Saunders"]
[SourceDate "2021.06.05"]
[SourceVersion "1"]
[SourceVersionDate "2021.06.05"]
[SourceQuality "1"]

1. d4 Nf6 2. c4 e6 3. Nc3 Bb4 4. e3 b6 5. Nge2 c5 6. d5 Bb7 7. a3 Ba5 8. Rb1 b5
9. b4 Bb6 10. Nxb5 Ba6 11. dxe6 fxe6 12. Nd6+ Ke7 13. g3 Qc7 14. Bg2 Nc6 15.
Nb5 Qd8 16. Qd6+ Kf7 17. O-O Rc8 18. Bb2 cxb4 19. axb4 Bxb5 20. cxb5 Nb8 21.
Rfc1 Qe7 22. Qd2 Rhe8 23. Be5 Red8 24. Bd6 Qe8 25. Rd1 Rc4 26. Qd3 Rg4 27. Nf4
h5 28. h3 Rg5 29. h4 Rg4 30. Bf3 g5 31. Qg6# 1-0

[Event "Gibraltar Amateurs B"]
[Site "Gibraltar"]
[Date "2020.01.26"]
[Round "2.20"]
[White "Cooper, Malcolm H"]
[Black "Moreno Guerrero, Idelfonso"]
[Result "1/2-1/2"]
[WhiteElo "1847"]
[BlackElo "1597"]
[PlyCount "58"]
[EventDate "2020.01.25"]
[EventType "swiss"]
[EventRounds "5"]
[EventCountry "GGB"]
[SourceTitle "BritBase"]
[Source "John Saunders"]
[SourceDate "2021.06.05"]
[SourceVersion "1"]
[SourceVersionDate "2021.06.05"]
[SourceQuality "1"]

1. d4 Nf6 2. Nf3 e6 3. c4 Bb4+ 4. Bd2 Bxd2+ 5. Qxd2 b6 6. Nc3 Bb7 7. e3 Ne4 8.
Qc2 f5 9. Bd3 Nxc3 10. Qxc3 Qf6 11. O-O-O d6 12. Kb1 Nd7 13. Qc2 O-O-O 14. Rhg1
h6 15. e4 f4 16. Qe2 Kb8 17. Bc2 g5 18. e5 Bxf3 19. gxf3 dxe5 20. dxe5 Qxe5 21.
Qd3 Nc5 22. Qxd8+ Rxd8 23. Rxd8+ Kb7 24. b4 Na6 25. Be4+ c6 26. b5 Nc5 27. Rgd1
Kc7 28. Bxc6 Qc3 29. Ra8 Qb4+ 1/2-1/2

[Event "Gibraltar Amateurs B"]
[Site "Gibraltar"]
[Date "2020.01.26"]
[Round "2.21"]
[White "Reyes, Craig"]
[Black "Martos Martin, Jose Angel"]
[Result "0-1"]
[WhiteElo "1240"]
[BlackElo "1841"]
[PlyCount "78"]
[EventDate "2020.01.25"]
[EventType "swiss"]
[EventRounds "5"]
[EventCountry "GGB"]
[SourceTitle "BritBase"]
[Source "John Saunders"]
[SourceDate "2021.06.05"]
[SourceVersion "1"]
[SourceVersionDate "2021.06.05"]
[SourceQuality "1"]

1. f4 d5 2. Nf3 Nc6 3. e3 a6 4. b3 Bg4 5. Be2 e6 6. O-O Nf6 7. Bb2 Be7 8. Qe1
Bf5 9. d3 Bc5 10. Bd1 Ng4 11. d4 Be7 12. h3 Nf6 13. Nbd2 Nb4 14. Qg3 Nh5 15.
Qf2 Bxc2 16. Bxc2 Nxc2 17. Rac1 Nb4 18. Qe2 Ng3 19. Qf2 Nxf1 20. Qxf1 Nxa2 21.
Re1 Nb4 22. Ba3 O-O 23. Bxb4 Bxb4 24. Rd1 Rc8 25. Qd3 f6 26. Qe2 Qe8 27. g4 Bd6
28. Kh1 e5 29. dxe5 fxe5 30. f5 c5 31. Qf2 Qe7 32. Rg1 e4 33. Nh4 Qe5 34. Nf1
d4 35. g5 dxe3 36. Qe2 Qf4 37. Qc4+ Kh8 38. Ng2 Qxf5 39. Ngxe3 Qxh3+ 0-1

[Event "Gibraltar Amateurs B"]
[Site "Gibraltar"]
[Date "2020.01.26"]
[Round "2.24"]
[White "Koreywo, Witold"]
[Black "Coric, Gojko"]
[Result "0-1"]
[WhiteElo "1601"]
[BlackElo "1704"]
[PlyCount "78"]
[EventDate "2020.01.25"]
[EventType "swiss"]
[EventRounds "5"]
[EventCountry "GGB"]
[SourceTitle "BritBase"]
[Source "John Saunders"]
[SourceDate "2021.06.05"]
[SourceVersion "1"]
[SourceVersionDate "2021.06.05"]
[SourceQuality "1"]

1. d4 d5 2. Bf4 e6 3. e3 Nf6 4. c3 g6 5. Nf3 Bg7 6. Nbd2 O-O 7. Be2 Nc6 8. Ne5
Bd7 9. h4 Ne8 10. Nxc6 Bxc6 11. h5 g5 12. Bg3 h6 13. Qc2 a6 14. f4 Bd7 15. Nf3
f6 16. fxg5 fxg5 17. Be5 Nf6 18. Nxg5 Qe7 19. Nf3 c5 20. Bd3 c4 21. Bg6 Be8 22.
Ke2 Bxg6 23. Qxg6 Qf7 24. Qxf7+ Rxf7 25. Rh3 Raf8 26. Bd6 Rd8 27. Be5 Ne4 28.
Bf4 Rdf8 29. g4 Kh7 30. Rg1 Bf6 31. g5 hxg5 32. Nxg5+ Bxg5 33. Bxg5 Nxg5 34.
Rhg3 Ne4 35. R3g2 Rf2+ 36. Ke1 R8f7 37. h6 b6 38. Rg6 Rxb2 39. Rxe6 Rb1+ 0-1

[Event "Gibraltar Amateurs B"]
[Site "Gibraltar"]
[Date "2020.01.26"]
[Round "2.26"]
[White "Davies, Cledwyn"]
[Black "Murray, J Stephen"]
[Result "1/2-1/2"]
[WhiteElo "1507"]
[BlackElo "1731"]
[PlyCount "47"]
[EventDate "2020.01.25"]
[EventType "swiss"]
[EventRounds "5"]
[EventCountry "GGB"]
[SourceTitle "BritBase"]
[Source "John Saunders"]
[SourceDate "2021.06.05"]
[SourceVersion "1"]
[SourceVersionDate "2021.06.05"]
[SourceQuality "1"]

1. e4 c5 2. Nf3 d6 3. Bb5+ Bd7 4. Bxd7+ Qxd7 5. c4 Nc6 6. d4 cxd4 7. Nxd4 Nf6
8. Nc3 g6 9. O-O Bg7 10. Nxc6 bxc6 11. Rb1 O-O 12. Re1 Rfd8 13. Bf4 Nh5 14. Bg3
Nxg3 15. hxg3 Rab8 16. Qc2 Qc7 17. Rbd1 Rd7 18. Rd3 Rbd8 19. Red1 Qb7 20. b3
Qc7 21. Qe2 Qa5 22. Qc2 Qc7 23. Qe2 Qa5 24. Qc2 1/2-1/2

[Event "Gibraltar Amateurs B"]
[Site "Gibraltar"]
[Date "2020.01.26"]
[Round "2.27"]
[White "Oliva Parra, Ernesto"]
[Black "Longdin, Michael"]
[Result "0-1"]
[WhiteElo "1487"]
[BlackElo "1680"]
[PlyCount "76"]
[EventDate "2020.01.25"]
[EventType "swiss"]
[EventRounds "5"]
[EventCountry "GGB"]
[SourceTitle "BritBase"]
[Source "John Saunders"]
[SourceDate "2021.06.05"]
[SourceVersion "1"]
[SourceVersionDate "2021.06.05"]
[SourceQuality "1"]

1. e4 c5 2. Bc4 e6 3. Nc3 Nc6 4. a3 Nf6 5. d3 d5 6. exd5 exd5 7. Qe2+ Be7 8.
Bb5 Bd7 9. Nf3 O-O 10. O-O a6 11. Ba4 b5 12. Bb3 Bg4 13. Bf4 Nd4 14. Qd1 Bxf3
15. gxf3 Nxb3 16. cxb3 Qd7 17. Ne2 Qf5 18. Kg2 Rac8 19. Rc1 Rfd8 20. Rg1 Nh5
21. Bc7 Rxc7 22. Nd4 Qxd3 23. Qxd3 Nf4+ 24. Kf1 Nxd3 25. Rd1 Nxb2 26. Rc1 Nd3
27. Rc3 Bf6 28. Rxd3 Bxd4 29. Rg4 Bf6 30. Rd1 d4 31. Re4 c4 32. Rde1 h6 33.
bxc4 bxc4 34. Ke2 d3+ 35. Kd1 c3 36. Re8+ Rxe8 37. Rxe8+ Kh7 38. Re3 c2+ 0-1

[Event "Gibraltar Amateurs B"]
[Site "Gibraltar"]
[Date "2020.01.26"]
[Round "2.32"]
[White "Kearsley, Raymond J"]
[Black "Perdigones Gomez, Mercedes"]
[Result "0-1"]
[WhiteElo "1611"]
[BlackElo "1364"]
[PlyCount "60"]
[EventDate "2020.01.25"]
[EventType "swiss"]
[EventRounds "5"]
[EventCountry "GGB"]
[SourceTitle "BritBase"]
[Source "John Saunders"]
[SourceDate "2021.06.05"]
[SourceVersion "1"]
[SourceVersionDate "2021.06.05"]
[SourceQuality "1"]

1. e4 c5 2. Nf3 g6 3. c3 Bg7 4. d4 cxd4 5. cxd4 d6 6. Nc3 Nc6 7. Be3 Nf6 8. h3
Bd7 9. Be2 O-O 10. Qd2 Re8 11. e5 dxe5 12. dxe5 Nh5 13. g4 Ng3 14. fxg3 Nxe5
15. Nxe5 Bxe5 16. Bf4 Bg7 17. O-O Qc8 18. Rac1 Qc5+ 19. Be3 Qc7 20. Kh2 Bc6 21.
Bf3 Red8 22. Qf2 Bxf3 23. Qxf3 e6 24. Nb5 Qe5 25. Qxf7+ Kh8 26. Bd4 Rxd4 27.
Nxd4 Qxd4 28. Qxe6 Qxb2+ 29. Rc2 Qxc2+ 30. Kh1 Qc6+ 0-1

[Event "Gibraltar Amateurs B"]
[Site "Gibraltar"]
[Date "2020.01.26"]
[Round "2.33"]
[White "Savage, Neil"]
[Black "Maloney, Harry"]
[Result "1-0"]
[WhiteElo "1608"]
[BlackElo "1328"]
[PlyCount "71"]
[EventDate "2020.01.25"]
[EventType "swiss"]
[EventRounds "5"]
[EventCountry "GGB"]
[SourceTitle "BritBase"]
[Source "John Saunders"]
[SourceDate "2021.06.05"]
[SourceVersion "1"]
[SourceVersionDate "2021.06.05"]
[SourceQuality "1"]

1. e4 c5 2. Nc3 Nc6 3. f4 g6 4. Nf3 Bg7 5. Bb5 Nd4 6. O-O a6 7. Be2 b5 8. Kh1
d6 9. Nxd4 cxd4 10. Nb1 e5 11. c3 Rb8 12. cxd4 exd4 13. d3 Bb7 14. b3 Nf6 15.
Bb2 Nd7 16. Nd2 O-O 17. Nf3 Qb6 18. Qe1 Nc5 19. Qf2 Ne6 20. Nh4 Nc7 21. Nf3 Ne6
22. Qg3 f5 23. exf5 Rxf5 24. Nh4 Rf7 25. f5 gxf5 26. Nxf5 Rf6 27. Bxd4 Rg6 28.
Ne7+ Kh8 29. Nxg6+ hxg6 30. Bxb6 Bxa1 31. Qh3+ Kg8 32. Qxe6+ Kg7 33. Rf7+ Kh6
34. Qh3+ Kg5 35. Qg4+ Kh6 36. Qh4# 1-0

[Event "Gibraltar Amateurs B"]
[Site "Gibraltar"]
[Date "2020.01.26"]
[Round "2.34"]
[White "Russell, Logan"]
[Black "White, Gary"]
[Result "1-0"]
[WhiteElo "1269"]
[BlackElo "1608"]
[PlyCount "69"]
[EventDate "2020.01.25"]
[EventType "swiss"]
[EventRounds "5"]
[EventCountry "GGB"]
[SourceTitle "BritBase"]
[Source "John Saunders"]
[SourceDate "2021.06.05"]
[SourceVersion "1"]
[SourceVersionDate "2021.06.05"]
[SourceQuality "1"]

1. e4 Nf6 2. Nc3 e5 3. Nf3 d6 4. h3 Nc6 5. Bb5 Bd7 6. d3 a6 7. Bc4 Na5 8. Bb3
Nxb3 9. axb3 c6 10. d4 Qc7 11. O-O O-O-O 12. Be3 h6 13. Nh4 exd4 14. Bxd4 c5
15. Bxf6 gxf6 16. Nf3 Be6 17. Nd5 Qc6 18. c4 f5 19. e5 dxe5 20. Nxe5 Qd6 21.
Re1 Bg7 22. f4 Rhf8 23. Qd2 Bxd5 24. Qxd5 Qxd5 25. cxd5 Rxd5 26. Rac1 Bxe5 27.
Rxe5 Rxe5 28. fxe5 b6 29. b4 Re8 30. bxc5 b5 31. Re1 Kd7 32. Rd1+ Kc7 33. Rd6
Re6 34. b4 f6 35. Rxe6 1-0

[Event "Gibraltar Amateurs B"]
[Site "Gibraltar"]
[Date "2020.01.27"]
[Round "3.1"]
[White "Marani, Luca"]
[Black "Sedgwick, David"]
[Result "1-0"]
[WhiteElo "1796"]
[BlackElo "1894"]
[PlyCount "143"]
[EventDate "2020.01.25"]
[EventType "swiss"]
[EventRounds "5"]
[EventCountry "GGB"]
[SourceTitle "BritBase"]
[Source "John Saunders"]
[SourceDate "2021.06.05"]
[SourceVersion "1"]
[SourceVersionDate "2021.06.05"]
[SourceQuality "1"]

1. e4 e6 2. d4 d5 3. Nc3 Nf6 4. Bg5 Be7 5. e5 Nfd7 6. h4 c5 7. Bxe7 Kxe7 8. f4
cxd4 9. Qxd4 Qb6 10. Nf3 Qxd4 11. Nxd4 Nc6 12. O-O-O f6 13. exf6+ Nxf6 14. Nf3
Re8 15. Bb5 Bd7 16. Rhe1 Kf8 17. Ne5 a6 18. Bd3 g6 19. Be2 d4 20. Ne4 Nxe4 21.
Nxd7+ Ke7 22. Nb6 Rad8 23. Bxa6 bxa6 24. Rxe4 Kf7 25. Nc4 Re7 26. c3 dxc3 27.
Ne5+ Kf6 28. bxc3 Rxd1+ 29. Kxd1 Nxe5 30. Rxe5 Rc7 31. Kc2 h5 32. Ra5 Rc6 33.
g3 Rd6 34. c4 Rd4 35. Kc3 Rd1 36. Kb4 Rb1+ 37. Kc5 Rg1 38. Ra3 Kf5 39. Kb6 Ke4
40. c5 Rb1+ 41. Kxa6 Kd5 42. Rc3 Kc6 43. Ka5 Rb8 44. a3 Rb5+ 45. Ka4 Rb8 46.
Re3 Re8 47. Kb4 Kd5 48. Re5+ Kd4 49. c6 Rb8+ 50. Rb5 Rc8 51. Rb6 Kd5 52. Kb5
Kd6 53. a4 Rf8 54. a5 Rf5+ 55. Ka6 Kc7 56. Rb5 Rf8 57. Re5 Ra8+ 58. Kb5 Rb8+
59. Kc5 Ra8 60. Kb4 Kd6 61. Rc5 Kc7 62. Kc4 Rb8 63. Kd4 Rb3 64. Rc3 Rb5 65. Ra3
Kxc6 66. a6 Rd5+ 67. Ke4 Rd8 68. a7 Ra8 69. Ke5 Kb7 70. Kxe6 Re8+ 71. Kf6 Ka8
72. Kxg6 1-0

[Event "Gibraltar Amateurs B"]
[Site "Gibraltar"]
[Date "2020.01.27"]
[Round "3.2"]
[White "Nwachukwu, Chino"]
[Black "Johansson, Daniel 1984"]
[Result "1-0"]
[WhiteElo "1868"]
[BlackElo "1799"]
[PlyCount "90"]
[EventDate "2020.01.25"]
[EventType "swiss"]
[EventRounds "5"]
[EventCountry "GGB"]
[SourceTitle "BritBase"]
[Source "John Saunders"]
[SourceDate "2021.06.05"]
[SourceVersion "1"]
[SourceVersionDate "2021.06.05"]
[SourceQuality "1"]

1. e4 c5 2. Nf3 e6 3. d4 cxd4 4. Nxd4 Nf6 5. Nc3 d6 6. Bg5 a6 7. f4 Be7 8. Qf3
Qc7 9. O-O-O Nc6 10. g4 Nxd4 11. Rxd4 b5 12. Bxf6 Bxf6 13. Bxb5+ axb5 14. Nxb5
Qc6 15. Nxd6+ Ke7 16. Rc4 Bxb2+ 17. Kxb2 Rb8+ 18. Kc1 Qxd6 19. Rd1 Qb6 20. Qa3+
Ke8 21. Qa4+ Ke7 22. Qa3+ Ke8 23. Rcd4 Rb7 24. R1d3 Bd7 25. Rd6 Qb5 26. e5 f6
27. Rxd7 Rxd7 28. Qa8+ Ke7 29. Qxh8 Rxd3 30. Qxg7+ Kd8 31. Qxf6+ Kc7 32. cxd3
Qc5+ 33. Kd1 Qg1+ 34. Kc2 Qf2+ 35. Kb3 Qb6+ 36. Kc4 Qc6+ 37. Kd4 Qd5+ 38. Ke3
Qc5+ 39. Kf3 Qd5+ 40. Kg3 Qxd3+ 41. Kh4 Qd2 42. Qe7+ Kc8 43. Qxe6+ Kb7 44. Qf7+
Kc6 45. h3 Qd3 1-0

[Event "Gibraltar Amateurs B"]
[Site "Gibraltar"]
[Date "2020.01.27"]
[Round "3.3"]
[White "Bryant, Richard B E"]
[Black "Dragic, Dragan"]
[Result "1-0"]
[WhiteElo "1849"]
[BlackElo "1781"]
[PlyCount "67"]
[EventDate "2020.01.25"]
[EventType "swiss"]
[EventRounds "5"]
[EventCountry "GGB"]
[SourceTitle "BritBase"]
[Source "John Saunders"]
[SourceDate "2021.06.05"]
[SourceVersion "1"]
[SourceVersionDate "2021.06.05"]
[SourceQuality "1"]

1. e4 e5 2. Nf3 Nc6 3. d4 exd4 4. Nxd4 Nf6 5. Nxc6 bxc6 6. Bd3 Bb4+ 7. c3 Bc5
8. e5 Qe7 9. O-O Nd5 10. Nd2 Nf4 11. Bc2 Ba6 12. c4 Ng6 13. Re1 O-O-O 14. a3
Nxe5 15. b4 Bd4 16. Rb1 Rhe8 17. Re4 c5 18. bxc5 Qxc5 19. Qe2 Bxc4 20. Nxc4
Qxc4 21. Qd2 c5 22. Bb2 Nc6 23. Bd3 Qa4 24. Bxd4 Rxe4 25. Bxe4 Qxd4 26. Qc2 Qd6
27. Qa4 Re8 28. Bxc6 Qxc6 29. Qxa7 Qb5 30. Rc1 Re5 31. h3 Qc6 32. Rb1 Qd6 33.
Qa8+ Kc7 34. Qb8+ 1-0

[Event "Gibraltar Amateurs B"]
[Site "Gibraltar"]
[Date "2020.01.27"]
[Round "3.4"]
[White "Nebel, Uwe"]
[Black "Greco, Joseph"]
[Result "0-1"]
[WhiteElo "1847"]
[BlackElo "1691"]
[PlyCount "136"]
[EventDate "2020.01.25"]
[EventType "swiss"]
[EventRounds "5"]
[EventCountry "GGB"]
[SourceTitle "BritBase"]
[Source "John Saunders"]
[SourceDate "2021.06.05"]
[SourceVersion "1"]
[SourceVersionDate "2021.06.05"]
[SourceQuality "1"]

1. e4 g6 2. Nc3 e5 3. Bc4 c6 4. Nf3 Bg7 5. a4 Ne7 6. d3 d6 7. Be3 d5 8. exd5
cxd5 9. Bb5+ Nbc6 10. d4 e4 11. Ne5 f6 12. Nxc6 bxc6 13. Be2 Nf5 14. O-O h5 15.
Qd2 h4 16. f3 Nxe3 17. Qxe3 Bh6 18. f4 Rb8 19. Nxe4 dxe4 20. Qxe4+ Kf7 21. Bc4+
Kg7 22. b3 Bf5 23. Qxc6 Qxd4+ 24. Kh1 Rhc8 25. c3 Qd2 26. Qf3 h3 27. g4 Bd7 28.
Rad1 Qg2+ 29. Qxg2 hxg2+ 30. Kxg2 Bxg4 31. Rd4 Re8 32. Kf2 Re7 33. Rg1 Bf5 34.
a5 Re4 35. Rxe4 Bxe4 36. Re1 f5 37. Rd1 Rb7 38. Kg3 Kh7 39. a6 Rc7 40. Rc1 Bg7
41. Kf2 Bf6 42. Kg3 Kg7 43. Kf2 Rd7 44. Ke3 Re7 45. Kf2 Bh4+ 46. Kf1 Bf3 47. b4
Re4 48. Bd5 Be2+ 49. Kg1 Rxf4 50. c4 Rg4+ 51. Kh1 Bf2 52. c5 Bxa6 53. Bf3 Rxb4
54. c6 Rc4 55. Rf1 Bb6 56. Be2 Ra4 57. Bxa6 Rxa6 58. Rd1 Ra2 59. Rd7+ Kf6 60.
Rd6+ Kg5 61. h4+ Kh5 62. Rd7 Kxh4 63. c7 Bxc7 64. Rxc7 Kg4 65. Rc3 f4 66. Kg1
f3 67. Kf1 Kg3 68. Rc1 Rh2 0-1

[Event "Gibraltar Amateurs B"]
[Site "Gibraltar"]
[Date "2020.01.27"]
[Round "3.5"]
[White "Anjali, R. Sagar"]
[Black "Gonzalez Pabollet, Jesus Maria S"]
[Result "1-0"]
[WhiteElo "1775"]
[BlackElo "1845"]
[PlyCount "57"]
[EventDate "2020.01.25"]
[EventType "swiss"]
[EventRounds "5"]
[EventCountry "GGB"]
[SourceTitle "BritBase"]
[Source "John Saunders"]
[SourceDate "2021.06.05"]
[SourceVersion "1"]
[SourceVersionDate "2021.06.05"]
[SourceQuality "1"]

1. e4 d5 2. exd5 Qxd5 3. Nc3 Qa5 4. d4 c6 5. Nf3 Bg4 6. Be2 Nf6 7. Bd2 Qc7 8.
h3 Bf5 9. Ne5 e6 10. g4 Be4 11. Rg1 h6 12. h4 Bd5 13. g5 hxg5 14. hxg5 Ne4 15.
Nxd5 exd5 16. Bf4 Nd7 17. c3 Bd6 18. f3 Nxe5 19. dxe5 Bxe5 20. Bxe5 Qxe5 21.
fxe4 Rh2 22. Qd3 O-O-O 23. O-O-O Rdh8 24. Bg4+ Kd8 25. exd5 Qxg5+ 26. Kb1 c5
27. Qg3 Qg6+ 28. Ka1 Qc2 29. Qd6+ 1-0

[Event "Gibraltar Amateurs B"]
[Site "Gibraltar"]
[Date "2020.01.27"]
[Round "3.6"]
[White "Hari, Charan Sai Kalluri"]
[Black "D'Haluin, Wim"]
[Result "1-0"]
[WhiteElo "1836"]
[BlackElo "1686"]
[PlyCount "65"]
[EventDate "2020.01.25"]
[EventType "swiss"]
[EventRounds "5"]
[EventCountry "GGB"]
[SourceTitle "BritBase"]
[Source "John Saunders"]
[SourceDate "2021.06.05"]
[SourceVersion "1"]
[SourceVersionDate "2021.06.05"]
[SourceQuality "1"]

1. d4 Nf6 2. Nf3 d6 3. Nc3 c6 4. e4 g6 5. Be2 Bg7 6. Bg5 O-O 7. Qd2 Bg4 8. h3
Bxf3 9. Bxf3 Nbd7 10. h4 c5 11. O-O-O cxd4 12. Qxd4 Qa5 13. Qa4 Qe5 14. Be3 Nc5
15. Qb4 a5 16. Qb5 Nfd7 17. g3 a4 18. Bg4 f5 19. Bd4 Qe6 20. Be2 Ne5 21. f4 Qd7
22. fxe5 Qxb5 23. Bxb5 Nxe4 24. Nxe4 dxe5 25. Ng5 exd4 26. Kb1 Rf6 27. h5 Rc8
28. Bxa4 Rb6 29. hxg6 h6 30. Ne6 Rcc6 31. Bxc6 bxc6 32. Nxg7 Kxg7 33. Rxd4 1-0

[Event "Gibraltar Amateurs B"]
[Site "Gibraltar"]
[Date "2020.01.27"]
[Round "3.7"]
[White "Salas Martin, Javier"]
[Black "Kovacevic, Aleksandar S"]
[Result "1-0"]
[WhiteElo "1738"]
[BlackElo "1804"]
[PlyCount "133"]
[EventDate "2020.01.25"]
[EventType "swiss"]
[EventRounds "5"]
[EventCountry "GGB"]
[SourceTitle "BritBase"]
[Source "John Saunders"]
[SourceDate "2021.06.05"]
[SourceVersion "1"]
[SourceVersionDate "2021.06.05"]
[SourceQuality "1"]

1. d4 Nf6 2. c4 e6 3. Nf3 d5 4. g3 c6 5. Bg2 Be7 6. O-O O-O 7. Qc2 b6 8. b3 a5
9. Bb2 Na6 10. a3 Bb7 11. Nbd2 Rc8 12. e4 dxe4 13. Nxe4 c5 14. Nfg5 Bxe4 15.
Nxe4 Qc7 16. Nxf6+ Bxf6 17. d5 Bxb2 18. Qxb2 exd5 19. Bxd5 Nb8 20. b4 Nc6 21.
Bxc6 Qxc6 22. bxa5 bxa5 23. Rfb1 a4 24. Ra2 Qd6 25. Qc2 Rb8 26. Rab2 Rxb2 27.
Rxb2 Qd4 28. Rb5 Qa1+ 29. Kg2 Qxa3 30. Ra5 Qb3 31. Qxb3 axb3 32. Rb5 Rc8 33.
Kf3 Kf8 34. Rxb3 Ke7 35. Rd3 Ra8 36. Rd5 Ra5 37. h4 Ke6 38. Ke4 g6 39. g4 h6
40. f4 Ke7 41. h5 Kf8 42. Rd6 gxh5 43. gxh5 Kg7 44. f5 Ra1 45. f6+ Kg8 46. Rd8+
Kh7 47. Rf8 Rh1 48. Rxf7+ Kg8 49. Rg7+ Kf8 50. Ke5 Rxh5+ 51. Ke6 Rh1 52. Rf7+
Ke8 53. Rh7 Re1+ 54. Kd6 Rf1 55. Rxh6 Kf7 56. Kxc5 Rc1 57. Kd5 Rf1 58. c5 Rd1+
59. Kc6 Ke6 60. Kb6 Rb1+ 61. Kc7 Rc1 62. c6 Rc2 63. Kb7 Rb2+ 64. Kc8 Rc2 65. c7
Kf7 66. Rh7+ Kxf6 67. Kd8 1-0

[Event "Gibraltar Amateurs B"]
[Site "Gibraltar"]
[Date "2020.01.27"]
[Round "3.10"]
[White "Martos Martin, Jose Angel"]
[Black "Dhanwani, Aryan"]
[Result "1-0"]
[WhiteElo "1841"]
[BlackElo "1360"]
[PlyCount "129"]
[EventDate "2020.01.25"]
[EventType "swiss"]
[EventRounds "5"]
[EventCountry "GGB"]
[SourceTitle "BritBase"]
[Source "John Saunders"]
[SourceDate "2021.06.05"]
[SourceVersion "1"]
[SourceVersionDate "2021.06.05"]
[SourceQuality "1"]

1. e4 c6 2. d4 d5 3. e5 Bf5 4. g4 Bg6 5. h4 h5 6. e6 fxe6 7. Bd3 Bf7 8. g5 g6
9. c3 Nd7 10. Qc2 e5 11. Bxg6 e4 12. Bxf7+ Kxf7 13. Ne2 e5 14. O-O Qc8 15. Ng3
Ndf6 16. f3 Qh3 17. Qh2 Qxh2+ 18. Kxh2 Nd7 19. fxe4+ Kg6 20. Be3 Ne7 21. Nd2
Bg7 22. Nf5 Nxf5 23. exf5+ Kf7 24. Rg1 Rhg8 25. Raf1 e4 26. Re1 b6 27. Nf1 c5
28. Ng3 Rh8 29. Rgf1 Bf8 30. f6 Bd6 31. Kh3 Bxg3 32. Kxg3 c4 33. Rf5 Rag8 34.
Ref1 Rh6 35. Kh3 Rhg6 36. Rxd5 Ke6 37. Rdf5 Rf8 38. d5+ Kd6 39. Bf4+ Kc5 40.
Be5 Nxe5 41. Rxe5 Kd6 42. Ref5 b5 43. Re1 a5 44. Rxe4 Rgg8 45. Re6+ Kc7 46. f7
Rg7 47. g6 Kd7 48. Rxh5 b4 49. Rf6 bxc3 50. bxc3 Ke7 51. Ra6 a4 52. Rf5 Kd7 53.
Rff6 Kc7 54. Rac6+ Kd7 55. Rxc4 Ke7 56. Rcf4 Kd7 57. Rxa4 Ke7 58. Raf4 Kd7 59.
c4 Ke7 60. c5 Kd7 61. c6+ Kc7 62. h5 Kd8 63. Kg4 Ke7 64. d6+ Kd8 65. Ra4 1-0

[Event "Gibraltar Amateurs B"]
[Site "Gibraltar"]
[Date "2020.01.27"]
[Round "3.12"]
[White "Henderson Franklin, Matthew"]
[Black "Bowman, Richard L"]
[Result "0-1"]
[WhiteElo "1617"]
[BlackElo "1740"]
[PlyCount "76"]
[EventDate "2020.01.25"]
[EventType "swiss"]
[EventRounds "5"]
[EventCountry "GGB"]
[SourceTitle "BritBase"]
[Source "John Saunders"]
[SourceDate "2021.06.05"]
[SourceVersion "1"]
[SourceVersionDate "2021.06.05"]
[SourceQuality "1"]

1. e4 c6 2. d4 d6 3. Nc3 Qc7 4. Bd3 e5 5. Be3 Nf6 6. Nf3 Bg4 7. h3 Bh5 8. g4
Bg6 9. dxe5 dxe5 10. Nh4 Nbd7 11. Qe2 Bb4 12. Bd2 O-O-O 13. O-O-O Nf8 14. Nf5
Ne6 15. Qf1 Qa5 16. Kb1 Bxf5 17. gxf5 Nf4 18. Bc4 Rxd2 19. Rxd2 Bxc3 20. bxc3
Nxe4 21. Rd3 Nxc3+ 22. Rxc3 Qxc3 23. Bxf7 Rd8 24. Qg1 Qb4+ 25. Ka1 Qc3+ 26. Kb1
Rd4 27. Qxg7 a5 28. Qh8+ Rd8 29. Qg7 Ne2 30. Be6+ Kb8 31. Bd7 Qb4+ 32. Ka1 Qd4+
33. Kb1 Rxd7 34. Qg8+ Ka7 35. f6 Nc3+ 36. Kc1 Qd2+ 37. Kb2 Na4+ 38. Kb3 Qb4#
0-1